书目信息 |
| 题名: |
尼尔斯骑鹅旅行记
|
|
| 作者: | 拉格洛夫 , 瑞典塞尔玛·拉格洛夫(elmaLagerlf) 著 ;李斯 译 | |
| 分册: | 下 | |
| 出版信息: | 长春 时代文艺出版社 2009.07 |
|
| 页数: | 143-299页 | |
| 开本: | 23cm | |
| 丛书名: | 诺贝尔文学奖文集 | |
| 单 册: | ||
| 中图分类: | I532.88 | |
| 科图分类: | ||
| 主题词: | 童话 , 童话--瑞典--近代 | |
| 电子资源: | ||
| ISBN: | 7-5387-2168-1 | |
| 000 | 01037oam2 2200289 450 | |
| 001 | 1162987721 | |
| 005 | 20111207173359.43 | |
| 010 | @a7-5387-2168-1@dCNY45.00 | |
| 090 | @aI532.8@blgl | |
| 096 | @aI532.8@blgl | |
| 100 | @a20060210d2009 em y0chiy50 ea | |
| 101 | 1 | @achi@cswe |
| 102 | @aCN@b220000 | |
| 105 | @ay z 000fy | |
| 200 | 1 | @a尼尔斯骑鹅旅行记@b专著@h下@f瑞典塞尔玛·拉格洛夫(elma Lagerlf)@Frui dian sai er ma·la ge luo fu(elma Lagerlf)@g李斯等译@9ni er si qi e lv xing ji |
| 210 | @a长春@c时代文艺出版社@d2009.07 | |
| 215 | @a143-299页@d23cm | |
| 225 | 2 | @a诺贝尔文学奖文集 |
| 461 | 0 | @1001003340291 |
| 606 | 0 | @a童话 |
| 606 | 0 | @a童话@y瑞典@z近代 |
| 690 | @aI532.88@v4 | |
| 701 | 0 | @c(瑞典)@a拉格洛夫@c(女,Lagerlof, Selma Ottiliana Lovisa@f1858.11~1940.3)@4著@9la ge luo fu |
| 701 | 0 | @a瑞典塞尔玛·拉格洛夫(elmaLagerlf)@Arui dian sai er ma·la ge luo fu(elmaLagerlf) |
| 702 | 0 | @a李斯@c(翻译)@4译@9li si |
| 801 | 0 | @aCN@b大连网信软件有限公司图书馆·11@c20111207 |
| 905 | @aZUCC@dI532.88@eL005:2 | |
| 尼尔斯骑鹅旅行记.下/瑞典塞尔玛·拉格洛夫(elma Lagerlf)/李斯等译.-长春:时代文艺出版社,2009.07 |
| 143-299页;23cm.-(诺贝尔文学奖文集) |
| ISBN 7-5387-2168-1:CNY45.00 |
| ● |
| 相关链接 |
|
|
|
正题名:尼尔斯骑鹅旅行记
索取号:I532.88/L005:2
 
预约/预借
| 序号 | 登录号 | 条形码 | 馆藏地/架位号 | 状态 | 备注 |
| 1 | 827417 | 208274179 | 文学库116/400B社科库 22排4列3层/ [索取号:I532.88/L005:2] | 在馆 | |
| 2 | 827418 | 208274188 | 文学库116/400B社科库 22排4列3层/ [索取号:I532.88/L005:2] | 在馆 | |
| 3 | 827419 | 208274197 | 文学库116/400B社科库 22排4列3层/ [索取号:I532.88/L005:2] | 在馆 |